[Event "Sochi Amateur op 6th"]
[Site "Sochi"]
[Date "2019.04.12"]
[Round "8"]
[White "Purygin, Andrei"]
[Black "Apryshko, Gleb"]
[Result "1-0"]
[WhiteElo "2348"]
[BlackElo "2383"]
[PlyCount "45"]
[EventDate "2019.04.07"]
[EventType "swiss"]
[EventRounds "9"]
[EventCountry "RUS"]
[SourceTitle "CBM 189 Extra"]
[Source "ChessBase"]
[SourceDate "2019.06.03"]
[SourceVersion "1"]
[SourceVersionDate "2019.06.03"]
[SourceQuality "1"]

1. Nf3 g6 2. g3 Bg7 3. Bg2 Nf6 4. 0-0 0-0 5. c4 c6 6. d4 d6 7. Nc3 Nbd7 8. e4 e5 9. b3 exd4 10. Nxd4 Nc5 11. h3 Re8 12. Re1 a5 13. Bf4 Qb6 14. Bxd6 Rd8 15. e5 Ne8 16. Nxc6 Rxd6 17. exd6 Be6 18. Ne7+ Kf8 19. Ned5 Qxd6 20. Rc1 Rd8 21. Qf3 Qb8 22. Qe3 Nd7 23. Nf4 1-0

[Event "Sochi Amateur op 6th"]
[Site "Sochi"]
[Date "2019.04.09"]
[Round "4"]
[White "Purygin, Andrei"]
[Black "Volkov, Sergei"]
[Result "1-0"]
[WhiteElo "2348"]
[BlackElo "2274"]
[PlyCount "20"]
[EventDate "2019.04.07"]
[EventType "swiss"]
[EventRounds "9"]
[EventCountry "RUS"]
[SourceTitle "CBM 189 Extra"]
[Source "ChessBase"]
[SourceDate "2019.06.03"]
[SourceVersion "1"]
[SourceVersionDate "2019.06.03"]
[SourceQuality "1"]

1. c4 c5 2. Nf3 Nc6 3. d4 cxd4 4. Nxd4 g6 5. Nxc6 bxc6 6. Qa4 Nf6 7. Nc3 Bg7 8. Bg5 h6 9. Bf4 0-0 10. e3 Nh5 1-0

[Event "Sochi ChessAmateur op10"]
[Site "Sochi"]
[Date "2018.10.16"]
[Round "7"]
[White "Purygin, Andrei"]
[Black "Iljin, Timofey"]
[Result "1/2-1/2"]
[WhiteElo "2301"]
[BlackElo "2285"]
[PlyCount "41"]
[EventDate "2018.10.12"]
[EventType "swiss"]
[EventRounds "9"]
[EventCountry "RUS"]
[SourceTitle "CBM 187 Extra"]
[Source "ChessBase"]
[SourceDate "2018.11.04"]
[SourceVersion "1"]
[SourceVersionDate "2018.11.04"]
[SourceQuality "1"]

1. d4 Nf6 2. Nf3 d5 3. c4 e6 4. Nc3 Bb4 5. e3 0-0 6. Bd2 b6 7. cxd5 exd5 8. Bd3 c5 9. a3 Bxc3 10. Bxc3 c4 11. Be2 Bg4 12. Ne5 Bxe2 13. Qxe2 Ne4 14. Qc2 f6 15. Nf3 Nc6 16. b3 b5 17. 0-0 Na5 18. bxc4 bxc4 19. Nd2 Nxd2 20. Bxd2 Nb3 21. Rab1 1/2-1/2

[Event "Sochi ChessAmateur op10"]
[Site "Sochi"]
[Date "2018.10.14"]
[Round "4"]
[White "Purygin, Andrei"]
[Black "Solovyev, Artem"]
[Result "1-0"]
[WhiteElo "2301"]
[BlackElo "2142"]
[PlyCount "123"]
[EventDate "2018.10.12"]
[EventType "swiss"]
[EventRounds "9"]
[EventCountry "RUS"]
[SourceTitle "CBM 187 Extra"]
[Source "ChessBase"]
[SourceDate "2018.11.04"]
[SourceVersion "1"]
[SourceVersionDate "2018.11.04"]
[SourceQuality "1"]

1. f4 d5 2. Nf3 c6 3. g3 Nf6 4. Bg2 Qc7 5. d3 Nbd7 6. Nc3 e5 7. e4 dxe4 8. dxe4 Bd6 9. f5 Bc5 10. Qe2 b5 11. Bd2 a5 12. Nd1 b4 13. c4 0-0 14. Nf2 Bxf2+ 15. Kxf2 Qb6+ 16. Kf1 Ba6 17. Rc1 Rfe8 18. Be3 Qd8 19. Nd2 Qe7 20. g4 Nc5 21. g5 Nfd7 22. Bf3 Qd6 23. Rd1 Qd3 24. Kg2 Red8 25. Nb3 Qxe2+ 26. Bxe2 Nb7 27. Rd2 a4 28. Nc1 Ndc5 29. Kf3 Rxd2 30. Bxd2 b3 31. Be3 Rd8 32. h4 Kf8 33. h5 g6 34. hxg6 hxg6 35. axb3 axb3 36. Rh8+ Ke7 37. Rh7 Rg8 38. Bf1 Ke8 39. fxg6 Rxg6 40. Rh8+ Ke7 41. Ra8 Kd6 42. Nd3 Nxd3 43. Bxd3 Nc5 44. Bxc5+ Kxc5 45. Rxa6 Rxg5 46. Ra7 Rh5 47. Ke3 Rh3+ 48. Kd2 Rf3 49. Rb7 Rf2+ 50. Kc3 Rf3 51. Re7 f6 52. Rf7 Kd6 53. Kd2 Kc5 54. Be2 Rf4 55. Ke3 Kb6 56. Bd1 Rf1 57. Bxb3 Rb1 58. Rxf6 Rxb2 59. Ba4 Ka5 60. Bxc6 Rb3+ 61. Kd2 Rb6 62. Re6 1-0

[Event "Sochi Doroshkevich Amateur op"]
[Site "Sochi"]
[Date "2017.12.23"]
[Round "3"]
[White "Purygin, Andrei"]
[Black "Maratkanov, Evgeny"]
[Result "1-0"]
[WhiteElo "2293"]
[BlackElo "2130"]
[PlyCount "51"]
[EventDate "2017.12.21"]
[EventType "swiss"]
[EventRounds "9"]
[EventCountry "RUS"]
[SourceTitle "CBM 182 Extra"]
[Source "ChessBase"]
[SourceDate "2018.02.23"]
[SourceVersion "1"]
[SourceVersionDate "2018.02.23"]
[SourceQuality "1"]

1. e4 e6 2. d4 d5 3. Nc3 Bb4 4. e5 Ne7 5. Nf3 c5 6. dxc5 Bxc5 7. Bd3 Nec6 8. 0-0 Nd7 9. Bf4 f6 10. exf6 Qxf6 11. Bg5 Qf7 12. Be3 Be7 13. Ng5 Bxg5 14. Bxg5 0-0 15. f4 Nc5 16. Be2 Qc7 17. f5 Qb6 18. Kh1 d4 19. b4 dxc3 20. bxc5 Qxc5 21. Rf4 exf5 22. Bc4+ Kh8 23. Qh5 Ne5 24. Rh4 h6 25. Bxh6 Nxc4 26. Be3+ 1-0

[Event "Sochi Doroshkevich Amateur op"]
[Site "Sochi"]
[Date "2017.12.22"]
[Round "2"]
[White "Mikhailov, Dmitry"]
[Black "Purygin, Andrei"]
[Result "0-1"]
[WhiteElo "2144"]
[BlackElo "2293"]
[PlyCount "84"]
[EventDate "2017.12.21"]
[EventType "swiss"]
[EventRounds "9"]
[EventCountry "RUS"]
[SourceTitle "CBM 182 Extra"]
[Source "ChessBase"]
[SourceDate "2018.02.23"]
[SourceVersion "1"]
[SourceVersionDate "2018.02.23"]
[SourceQuality "1"]

1. Nf3 Nf6 2. g3 d5 3. Bg2 c6 4. d3 Bf5 5. Nbd2 e6 6. 0-0 h6 7. Qe1 Be7 8. e4 Bh7 9. Qe2 Na6 10. c3 Nc5 11. Ne5 d4 12. Nb3 Nxb3 13. axb3 0-0 14. Ra4 Bc5 15. Nf3 b5 16. Ra6 dxc3 17. bxc3 Bb6 18. Be3 Nd7 19. Rfa1 c5 20. Bf4 Re8 21. d4 b4 22. cxb4 cxd4 23. e5 Rc8 24. h4 Rc2 25. Qb5 d3 26. Nd2 g5 27. hxg5 hxg5 28. Rxb6 axb6 29. Be3 Qc7 30. Nc4 Rc8 31. Nd6 d2 32. Bxd2 Rxd2 33. Nxc8 Qc3 34. Ra8 Qd4 35. Ne7+ Kg7 36. Qc6 Nxe5 37. Qb7 Qxf2+ 38. Kh1 Rd1+ 39. Kh2 Qg1+ 40. Kh3 g4+ 41. Kh4 Qh2+ 42. Kg5 Qh6# 0-1

[Event "Samara Polugaevsky Memorial 7th"]
[Site "Samara"]
[Date "2017.07.15"]
[Round "8"]
[White "Purygin, Andrei"]
[Black "Gusarov, Aleksey"]
[Result "0-1"]
[WhiteElo "2318"]
[BlackElo "2162"]
[PlyCount "102"]
[EventDate "2017.07.08"]
[EventType "swiss"]
[EventRounds "9"]
[EventCountry "RUS"]
[SourceTitle "EXT 2018"]
[Source "ChessBase"]
[SourceDate "2017.10.13"]
[SourceVersion "1"]
[SourceVersionDate "2017.10.13"]
[SourceQuality "1"]

1. Nf3 d5 2. g3 Nd7 3. Bg2 e5 4. d3 Ngf6 5. 0-0 Bd6 6. c4 c6 7. cxd5 Nxd5 8. Nbd2 0-0 9. Nc4 Bc7 10. Bg5 f6 11. Bd2 N7b6 12. Na5 Rb8 13. b4 Be6 14. a4 Re8 15. e4 Ne7 16. Bc3 Ng6 17. Qc2 Qe7 18. Rfd1 Kh8 19. d4 Bg8 20. b5 exd4 21. Nxd4 c5 22. Nf5 Qe6 23. e5 Nxe5 24. Nxb7 Qb3 25. Qxb3 Bxb3 26. Nxc5 Bxd1 27. Rxd1 Rbd8 28. Nd4 Nbc4 29. Nb7 Rb8 30. a5 Nd6 31. a6 Ndc4 32. Bh3 Bb6 33. Kg2 Re7 34. Ne6 Rbe8 35. Nec5 Na3 36. Na4 Nxb5 37. Bb4 Rf7 38. Nxb6 axb6 39. Be6 Rc7 40. Bd5 Rd7 41. Rd2 Nc7 42. Nd6 Nxa6 43. Ba3 Red8 44. Be6 Re7 45. Ba2 Nc5 46. f4 Nc6 47. Bc1 Rdd7 48. Bc4 Nb7 49. Nc8 Rxd2+ 50. Bxd2 Rd7 51. Nxb6 Rxd2+ 0-1

[Event "Samara Polugaevsky Memorial 7th"]
[Site "Samara"]
[Date "2017.07.13"]
[Round "6"]
[White "Loginov, Ilya"]
[Black "Purygin, Andrei"]
[Result "0-1"]
[WhiteElo "1947"]
[BlackElo "2318"]
[PlyCount "44"]
[EventDate "2017.07.08"]
[EventType "swiss"]
[EventRounds "9"]
[EventCountry "RUS"]
[SourceTitle "EXT 2018"]
[Source "ChessBase"]
[SourceDate "2017.10.13"]
[SourceVersion "1"]
[SourceVersionDate "2017.10.13"]
[SourceQuality "1"]

1. e4 e5 2. Nf3 Nc6 3. Bc4 Bc5 4. d3 Nf6 5. 0-0 d6 6. a4 a6 7. c3 Ba7 8. Nbd2 h6 9. Re1 g5 10. Nf1 g4 11. N3d2 h5 12. Ne3 h4 13. Ndf1 Rg8 14. Qc2 Nh5 15. Nd5 g3 16. Be3 gxf2+ 17. Qxf2 Bh3 18. g3 hxg3 19. Nxg3 Qh4 20. Kh1 Nxg3+ 21. hxg3 Rxg3 22. Nf6+ Kd8 0-1

[Event "Samara Polugaevsky Memorial 7th"]
[Site "Samara"]
[Date "2017.07.10"]
[Round "3"]
[White "Purygin, Andrei"]
[Black "Popov, Alexey"]
[Result "1-0"]
[WhiteElo "2318"]
[BlackElo "2058"]
[PlyCount "71"]
[EventDate "2017.07.08"]
[EventType "swiss"]
[EventRounds "9"]
[EventCountry "RUS"]
[SourceTitle "EXT 2018"]
[Source "ChessBase"]
[SourceDate "2017.10.13"]
[SourceVersion "1"]
[SourceVersionDate "2017.10.13"]
[SourceQuality "1"]

1. e4 d6 2. d4 Nf6 3. Nc3 e5 4. Nf3 Nbd7 5. Bc4 Be7 6. 0-0 0-0 7. a4 c6 8. b3 Ne8 9. Bb2 Nc7 10. Qd2 Ne6 11. d5 Nf4 12. g3 Nh3+ 13. Kg2 Nf6 14. Ne1 Nh5 15. Nd3 Qd7 16. Qe2 g6 17. f4 N3xf4+ 18. gxf4 Qh3+ 19. Kg1 Bd8 20. Qg2 Qh4 21. f5 Bb6+ 22. Kh1 Kh8 23. Rf3 Rg8 24. Rh3 Qf6 25. Qf3 Qg5 26. Ne2 f6 27. a5 Bxf5 28. exf5 e4 29. Qxe4 Rae8 30. Qh4 Qxf5 31. Nef4 Bd8 32. Nxh5 gxh5 33. Qxh5 Qe4+ 34. Qf3 Qg6 35. dxc6 Re3 36. Qd5 1-0

[Event "Samara Polugaevsky Memorial 6th"]
[Site "Samara"]
[Date "2016.07.10"]
[Round "8"]
[White "Purygin, Andrei"]
[Black "Ofitserian, Boris"]
[Result "0-1"]
[WhiteElo "2298"]
[BlackElo "2304"]
[PlyCount "54"]
[EventDate "2016.07.03"]
[EventType "swiss"]
[EventRounds "9"]
[EventCountry "RUS"]
[SourceTitle "EXT 2019"]
[Source "ChessBase"]
[SourceDate "2018.10.10"]
[SourceVersion "1"]
[SourceVersionDate "2018.10.10"]
[SourceQuality "1"]

1. Nf3 Nf6 2. c4 g6 3. b3 Bg7 4. Bb2 0-0 5. g3 d5 6. Bg2 c6 7. 0-0 Nbd7 8. Qc2 Re8 9. Nc3 Nb6 10. c5 Nbd7 11. d4 e5 12. dxe5 Ng4 13. e4 Nxc5 14. exd5 Bf5 15. Qd2 Bh6 16. Qd4 Nd3 17. dxc6 Nxb2 18. cxb7 Rb8 19. Qxa7 Bd7 20. a4 Bf8 21. a5 Nd3 22. Qa6 Bc5 23. Nd2 Re6 24. Qa8 Bc6 25. Bxc6 Rxc6 26. Qxb8 Qxb8 27. a6 Rxa6 0-1

[Event "Samara Polugaevsky Memorial 6th"]
[Site "Samara"]
[Date "2016.07.08"]
[Round "6"]
[White "Purygin, Andrei"]
[Black "Matinian, Nikita"]
[Result "0-1"]
[WhiteElo "2298"]
[BlackElo "2489"]
[PlyCount "86"]
[EventDate "2016.07.03"]
[EventType "swiss"]
[EventRounds "9"]
[EventCountry "RUS"]
[SourceTitle "EXT 2019"]
[Source "ChessBase"]
[SourceDate "2018.10.10"]
[SourceVersion "1"]
[SourceVersionDate "2018.10.10"]
[SourceQuality "1"]

1. f4 d5 2. Nf3 g6 3. g3 Bg7 4. Bg2 Nf6 5. 0-0 0-0 6. d3 b6 7. c4 Bb7 8. cxd5 Nxd5 9. Qb3 a5 10. Nc3 Na6 11. Ne4 e6 12. a3 Qe7 13. Ne5 f6 14. Nc4 h6 15. Bd2 f5 16. Nf2 Nc5 17. Qc2 Nf6 18. Bxb7 Nxb7 19. Ne5 Kh7 20. Rac1 c5 21. e4 a4 22. Rfe1 Nd6 23. b4 axb3 24. Qxb3 fxe4 25. dxe4 Nd7 26. Nf3 e5 27. Rcd1 exf4 28. gxf4 b5 29. e5 Nf5 30. Ne4 c4 31. Qxb5 Qxa3 32. Bc3 Qa7+ 33. Kh1 Nb6 34. Nd4 Na4 35. Ne6 Rfb8 36. Qxc4 Rc8 37. Qd3 Nxc3 38. Nxc3 Rxc3 39. Qxc3 Qb7+ 40. Kg1 Ra2 41. Rd2 Qb6+ 42. Nd4 Rxd2 43. Qxd2 Qc5 0-1

[Event "Samara Polugaevsky Memorial 6th"]
[Site "Samara"]
[Date "2016.07.05"]
[Round "3"]
[White "Demidov, Mikhail"]
[Black "Purygin, Andrei"]
[Result "1-0"]
[WhiteElo "2514"]
[BlackElo "2298"]
[PlyCount "53"]
[EventDate "2016.07.03"]
[EventType "swiss"]
[EventRounds "9"]
[EventCountry "RUS"]
[SourceTitle "EXT 2019"]
[Source "ChessBase"]
[SourceDate "2018.10.10"]
[SourceVersion "1"]
[SourceVersionDate "2018.10.10"]
[SourceQuality "1"]

1. d4 f5 2. Nc3 Nf6 3. Bg5 d5 4. f3 c5 5. e4 dxe4 6. dxc5 Qa5 7. Qd2 Nc6 8. Bb5 Bd7 9. 0-0-0 0-0-0 10. Qe3 e5 11. fxe4 f4 12. Qe2 Nd4 13. Bxd7+ Rxd7 14. Qc4 Qxc5 15. Qxc5+ Bxc5 16. Bxf6 gxf6 17. g3 Rf8 18. Rf1 f5 19. a3 Rc7 20. Kb1 Bxa3 21. gxf4 Rxc3 22. bxc3 Nb5 23. Ka2 Bc5 24. exf5 e4 25. Kb3 Nd6 26. Ne2 Nxf5 27. Rd1 1-0

[Event "Samara Polugaevsky Memorial 6th"]
[Site "Samara"]
[Date "2016.07.04"]
[Round "2"]
[White "Purygin, Andrei"]
[Black "Skatchkov, Valery"]
[Result "1-0"]
[WhiteElo "2298"]
[BlackElo "2099"]
[PlyCount "98"]
[EventDate "2016.07.03"]
[EventType "swiss"]
[EventRounds "9"]
[EventCountry "RUS"]
[SourceTitle "EXT 2019"]
[Source "ChessBase"]
[SourceDate "2018.10.10"]
[SourceVersion "1"]
[SourceVersionDate "2018.10.10"]
[SourceQuality "1"]

1. f4 d5 2. Nf3 Nf6 3. g3 c5 4. Bg2 g6 5. 0-0 Bg7 6. d3 0-0 7. Qe1 Nc6 8. e4 dxe4 9. dxe4 e5 10. Nc3 exf4 11. gxf4 Nd4 12. Rf2 Be6 13. Ne5 b5 14. Nd1 Bd7 15. Be3 Re8 16. c3 Nc6 17. Nxd7 Qxd7 18. Rd2 Qc7 19. e5 Ng4 20. Qg3 Nh6 21. Qf3 Rac8 22. Nf2 Nf5 23. Ne4 Na5 24. Bxc5 Nc4 25. Re2 Rcd8 26. Bf2 Re7 27. b3 Na5 28. Rd2 Rxd2 29. Nxd2 Bf8 30. Ne4 Kg7 31. Bh3 Qc6 32. Qg2 Kh8 33. Rd1 Rd7 34. Rxd7 Qxd7 35. Qf3 Be7 36. Nf6 Bxf6 37. exf6 g5 38. Bg2 Qd6 39. Qe4 Kg8 40. Qe5 Qd1+ 41. Be1 Qc1 42. Kf2 Qa3 43. Bd5 Qc5+ 44. Ke2 Nc6 45. Qe4 Nd8 46. Qd3 Qd6 47. Be4 Qxf6 48. Bxf5 gxf4 49. Qxb5 Qe6+ 1-0

[Event "Samara Polugaevsky Memorial 5th"]
[Site "Samara"]
[Date "2015.07.07"]
[Round "5"]
[White "Purygin, Andrei"]
[Black "Belova, Olga"]
[Result "1-0"]
[WhiteElo "2327"]
[BlackElo "2042"]
[PlyCount "49"]
[EventDate "2015.07.03"]
[EventType "swiss"]
[EventRounds "9"]
[EventCountry "RUS"]
[SourceTitle "EXT 2017"]
[Source "ChessBase"]
[SourceDate "2016.10.25"]
[SourceVersion "1"]
[SourceVersionDate "2016.10.25"]
[SourceQuality "1"]

1. d4 Nf6 2. c4 e6 3. Nc3 Bb4 4. e3 0-0 5. Nge2 d5 6. a3 Be7 7. cxd5 exd5 8. Nf4 c6 9. Bd3 Re8 10. 0-0 Nbd7 11. f3 Nf8 12. Kh1 Ne6 13. Nfe2 b6 14. e4 Bb7 15. e5 Nd7 16. f4 c5 17. Bc2 cxd4 18. Nxd4 Nxd4 19. Qxd4 Nf8 20. f5 Bc5 21. Qg4 Rxe5 22. Bh6 g6 23. Qf4 Qe7 24. Bxf8 Rxf8 25. f6 1-0

[Event "Samara Polugaevsky Memorial 4th"]
[Site "Samara"]
[Date "2014.07.06"]
[Round "5"]
[White "Purygin, Andrei"]
[Black "Alieva, Alexandra"]
[Result "1-0"]
[WhiteElo "2224"]
[BlackElo "1945"]
[PlyCount "59"]
[EventDate "2014.07.02"]
[EventType "swiss"]
[EventRounds "9"]
[EventCountry "RUS"]
[SourceTitle "CBM 161 Extra"]
[Source "ChessBase"]
[SourceDate "2014.08.29"]
[SourceVersion "1"]
[SourceVersionDate "2014.08.29"]
[SourceQuality "1"]

1. c4 e6 2. d4 d5 3. Nc3 c6 4. e3 Nf6 5. Nf3 Bd6 6. Bd3 Nbd7 7. e4 dxc4 8. Bxc4 e5 9. dxe5 Nxe5 10. Nxe5 Bxe5 11. Qxd8+ Kxd8 12. Bxf7 Bxc3+ 13. bxc3 Nxe4 14. Ba3 Kc7 15. 0-0 Ng5 16. Bb3 Be6 17. Bc2 b6 18. Bc1 Nf7 19. Bf4+ Kb7 20. a4 h6 21. a5 b5 22. Be3 Rhe8 23. a6+ Kc7 24. Bg6 Re7 25. Bc5 Rd7 26. Rfe1 Bd5 27. Bf5 Nd6 28. Bxd7 Kxd7 29. f3 Bb3 30. Re5 1-0

[Event "PriFO op active"]
[Site "Togliatti"]
[Date "2014.03.23"]
[Round "6"]
[White "Purygin, Andrei"]
[Black "Alavkin, Arseny Nailievich"]
[Result "1-0"]
[WhiteElo "2245"]
[BlackElo "2405"]
[PlyCount "97"]
[EventDate "2014.03.23"]
[EventType "swiss"]
[EventRounds "7"]
[EventCountry "RUS"]
[SourceTitle "EXT 2016"]
[Source "ChessBase"]
[SourceDate "2015.10.08"]
[SourceVersion "1"]
[SourceVersionDate "2015.10.08"]
[SourceQuality "1"]

1. b3 d5 2. Bb2 Bg4 3. g3 c6 4. Bg2 Nd7 5. Nf3 Ngf6 6. 0-0 e6 7. c4 Bd6 8. d3 0-0 9. Nbd2 a5 10. Qc2 e5 11. e4 d4 12. Nh4 Nc5 13. Rae1 b5 14. h3 Bd7 15. Nf5 Bxf5 16. exf5 Rc8 17. a3 Re8 18. Rc1 Qd7 19. g4 h5 20. Bf3 e4 21. dxe4 Bf4 22. Rfd1 hxg4 23. hxg4 d3 24. Qc3 Be5 25. Qxe5 Rxe5 26. Bxe5 Qe7 27. Bf4 Rd8 28. e5 Nxg4 29. cxb5 cxb5 30. b4 axb4 31. axb4 Na4 32. Re1 Qxb4 33. Re4 Rd4 34. Rc8+ Kh7 35. Rxd4 Qxd4 36. Ne4 f6 37. e6 Ne5 38. Bg2 Qb4 39. Rc7 Ng4 40. Bf3 Qe1+ 41. Kg2 Nc3 42. Rxc3 Nxf2 43. Bd2 Qh1+ 44. Kxf2 Qh2+ 45. Ke3 b4 46. Rxd3 Qe5 47. Bxb4 Qxf5 48. e7 Qe5 49. Rd8 1-0

[Event "PriFO op active"]
[Site "Togliatti"]
[Date "2014.03.23"]
[Round "2"]
[White "Purygin, Andrei"]
[Black "Mokshanov, Alexey"]
[Result "0-1"]
[WhiteElo "2245"]
[BlackElo "2416"]
[PlyCount "130"]
[EventDate "2014.03.23"]
[EventType "swiss"]
[EventRounds "7"]
[EventCountry "RUS"]
[SourceTitle "EXT 2016"]
[Source "ChessBase"]
[SourceDate "2015.10.08"]
[SourceVersion "1"]
[SourceVersionDate "2015.10.08"]
[SourceQuality "1"]

1. b3 Nf6 2. Bb2 e6 3. Nf3 Be7 4. g3 b6 5. Bg2 Bb7 6. 0-0 0-0 7. c4 c5 8. Nc3 Nc6 9. d4 Nxd4 10. Nxd4 Bxg2 11. Kxg2 cxd4 12. Qxd4 Qc7 13. e4 Qc6 14. f3 Rfd8 15. Rfd1 Ne8 16. a4 d6 17. Ba3 Bf6 18. Qd3 Nc7 19. Rac1 a6 20. Ne2 Rd7 21. Nf4 Bg5 22. Rc2 Rad8 23. Bb2 Bxf4 24. gxf4 f6 25. Kh1 e5 26. f5 g5 27. h4 h6 28. Rg2 d5 29. cxd5 Nxd5 30. Rgd2 Ne7 31. Qxd7 Rxd7 32. Rxd7 Qc2 33. R1d2 Qxb3 34. R7d3 Qxa4 35. Rd8+ Kf7 36. R8d7 g4 37. Kg2 gxf3+ 38. Kxf3 b5 39. Rc7 Qb3+ 40. Rc3 Qb4 41. Rdc2 Qd4 42. Re2 Qd1 43. Rc7 b4 44. Rcc2 Qh1+ 45. Kg3 a5 46. Rc1 Nxf5+ 47. exf5 Qd5 48. Rc7+ Ke8 49. Kf2 Qd3 50. Bxe5 fxe5 51. Rxe5+ Kf8 52. Rcc5 Qd4+ 53. Kg3 b3 54. Red5 Qg1+ 55. Kf4 Qh2+ 56. Kg4 b2 57. Rc8+ Ke7 58. f6+ Ke6 59. f7 Qg2+ 60. Kf4 Qf2+ 61. Kg4 Kxd5 62. f8Q Qxf8 63. Rxf8 b1Q 64. Rf5+ Qxf5+ 65. Kxf5 a4 0-1

[Event "Samara Region-ch"]
[Site "Samara"]
[Date "2013.12.24"]
[Round "9"]
[White "Purygin, Andrei"]
[Black "Alavkin, Arseny Nailievich"]
[Result "1/2-1/2"]
[WhiteElo "2230"]
[BlackElo "2413"]
[PlyCount "115"]
[EventDate "2013.12.16"]
[EventType "tourn"]
[EventRounds "9"]
[EventCountry "RUS"]
[EventCategory "1"]
[SourceTitle "CBM 158 Extra"]
[Source "ChessBase"]
[SourceDate "2014.02.28"]
[SourceVersion "1"]
[SourceVersionDate "2014.02.28"]
[SourceQuality "1"]

1. e4 c6 2. d4 d5 3. e5 c5 4. c4 Nc6 5. Nf3 cxd4 6. Nxd4 dxc4 7. Nxc6 Qxd1+ 8. Kxd1 bxc6 9. Bxc4 Bf5 10. Nc3 e6 11. Be3 Ne7 12. Rc1 Ng6 13. f4 Bb4 14. Ke2 0-0 15. h3 Ne7 16. g4 Bg6 17. Rhd1 Bxc3 18. Rxc3 Nd5 19. Ra3 Rfb8 20. Bb3 a5 21. Ra4 h5 22. Rc1 Nb4 23. Kf3 hxg4+ 24. hxg4 Nd3 25. Rxc6 Nxb2 26. Rd4 a4 27. Bc2 Bxc2 28. Rxc2 a3 29. Rc7 Rc8 30. Rdd7 Rxc7 31. Rxc7 Nd3 32. Bd2 g5 33. fxg5 Ra4 34. Bc3 Nc1 35. g6 fxg6 36. Bd2 Nd3 37. Bc3 Nc1 38. Bd2 Nxa2 39. Rb7 Rd4 40. Be3 Rb4 41. Ra7 Rb3 42. Kf4 g5+ 43. Kxg5 Rxe3 44. Kg6 Kf8 45. Ra8+ Ke7 46. Ra7+ Kf8 47. Ra8+ Ke7 48. Ra7+ Kd8 49. Ra4 Nc1 50. Kf6 Kd7 51. Ra7+ Kc6 52. g5 Nd3 53. Rxa3 Rf3+ 54. Ke7 Nxe5 55. Rxf3 Nxf3 56. g6 Nh4 57. g7 Nf5+ 58. Kxe6 1/2-1/2

[Event "Samara Region-ch"]
[Site "Samara"]
[Date "2013.12.19"]
[Round "4"]
[White "Elistratov, Semen"]
[Black "Purygin, Andrei"]
[Result "1-0"]
[WhiteElo "2169"]
[BlackElo "2230"]
[PlyCount "81"]
[EventDate "2013.12.16"]
[EventType "tourn"]
[EventRounds "9"]
[EventCountry "RUS"]
[EventCategory "1"]
[SourceTitle "CBM 158 Extra"]
[Source "ChessBase"]
[SourceDate "2014.02.28"]
[SourceVersion "1"]
[SourceVersionDate "2014.02.28"]
[SourceQuality "1"]

1. e4 c5 2. Nf3 d6 3. d4 cxd4 4. Nxd4 Nf6 5. Nc3 a6 6. h3 g6 7. g3 Bg7 8. Bg2 0-0 9. 0-0 Nc6 10. Nb3 Nd7 11. f4 b5 12. Nd5 Nb6 13. c3 e6 14. Nxb6 Qxb6+ 15. Kh2 Rd8 16. Qe2 Bb7 17. Be3 Qc7 18. Rad1 a5 19. Nd4 Nxd4 20. cxd4 b4 21. Rf2 f5 22. Rc1 Qd7 23. exf5 gxf5 24. d5 Re8 25. Qd3 Bxd5 26. Bxd5 exd5 27. Bd4 Bf8 28. g4 Re4 29. gxf5 Kf7 30. Rg1 Qxf5 31. Rg5 Qe6 32. f5 Qh6 33. Be3 Re5 34. Bf4 Rd8 35. Rg4 Qh5 36. Bxe5 dxe5 37. Qg3 Kf6 38. Rg2 Bh6 39. Rh4 Qg5 40. Qf2 Qc1 41. Rxh6+ 1-0

[Event "Samara Region-ch"]
[Site "Samara"]
[Date "2012.12.07"]
[Round "9"]
[White "Pogorelskikh, Sergey"]
[Black "Purygin, Andrei"]
[Result "0-1"]
[WhiteElo "2254"]
[BlackElo "2257"]
[PlyCount "52"]
[EventDate "2012.11.29"]
[EventType "tourn"]
[EventRounds "9"]
[EventCountry "RUS"]
[EventCategory "2"]
[SourceTitle "CBM 151 Extra"]
[Source "ChessBase"]
[SourceDate "2012.12.18"]
[SourceVersion "1"]
[SourceVersionDate "2012.12.18"]
[SourceQuality "1"]

1. e4 c5 2. Nc3 g6 3. f4 Bg7 4. Nf3 Nc6 5. Bb5 Nd4 6. 0-0 Nxb5 7. Nxb5 d6 8. Qe1 Nf6 9. d3 0-0 10. a4 Ne8 11. Nc3 f5 12. e5 Nc7 13. b3 b6 14. Bb2 dxe5 15. Nxe5 Bb7 16. Qe3 Ne6 17. Rf2 g5 18. Ne2 Qd5 19. Raf1 Rad8 20. fxg5 f4 21. Nxf4 Nxf4 22. c4 Nxg2 23. Qg3 Qe6 24. g6 Rxf2 25. gxh7+ Kxh7 26. Rxf2 Bxe5 0-1

[Event "Samara-ch"]
[Site "Samara"]
[Date "2012.10.26"]
[Round "6"]
[White "Purygin, Andrei"]
[Black "Alavkin, Arseny Nailievich"]
[Result "1/2-1/2"]
[WhiteElo "2206"]
[BlackElo "2423"]
[PlyCount "56"]
[EventDate "2012.10.21"]
[EventType "tourn"]
[EventRounds "9"]
[EventCountry "RUS"]
[EventCategory "2"]
[SourceTitle "EXT 2014"]
[Source "ChessBase"]
[SourceDate "2013.11.20"]
[SourceVersion "1"]
[SourceVersionDate "2013.11.20"]
[SourceQuality "1"]

1. Nf3 g6 2. d4 Bg7 3. c4 d6 4. Nc3 Bg4 5. Bg5 Nf6 6. e3 c5 7. d5 Qa5 8. Qd2 h6 9. Bh4 g5 10. Bg3 Nh5 11. Bd3 Nd7 12. Rc1 a6 13. h3 Bxf3 14. gxf3 Nxg3 15. fxg3 b5 16. cxb5 Ne5 17. Be2 axb5 18. Bxb5+ Qxb5 19. Nxb5 Nxf3+ 20. Ke2 Nxd2 21. Nc7+ Kd7 22. Nxa8 Ne4 23. Nb6+ Kc7 24. Kf3 Nd2+ 25. Ke2 Ne4 26. Kf3 Nd2+ 27. Ke2 Ne4 28. Kf3 Nd2+ 1/2-1/2